000 00394pab a2200145 454500
008 180718b1987 xxu||||| |||| 00| 0 eng d
100 _aClancy, Peter
245 _aWorking on the railway
_bA case study in capital - state relations
260 _c1987
300 _a450-71
362 _aFall/Autumn
650 _aRailways - Canada
773 _aCanadian public Administration
909 _a17667
999 _c17667
_d17667